Por qué los hombres de la C.N.T. tomaron destinos en la cárcel en 1940 (Record no. 174319)

MARC details
000 -LEADER
campo de control de longitud fija 00827nam a2200217 i 4500
001 - NÚMERO DE CONTROL
campo de control 174319
003 - IDENTIFICADOR DE NÚMERO DE CONTROL
campo de control ES-MaACL
005 - FECHA Y HORA DE LA ÚLTIMA TRANSACCIÓN
campo de control 20230906215508.0
008 - DATOS DE LONGITUD FIJA--INFORMACIÓN GENERAL
campo de control de longitud fija 100331s1983 sp |||| |aspa d
020 ## - NÚMERO INTERNACIONAL ESTÁNDAR DEL LIBRO
Número Internacional Estándar del Libro 84-85735-23-4
080 ## - NÚMERO DE LA CLASIFICACIÓN DECIMAL UNIVERSAL
Número de la Clasificación Decimal Universal 929 Parra Salmerón, Sófocles
080 ## - NÚMERO DE LA CLASIFICACIÓN DECIMAL UNIVERSAL
Número de la Clasificación Decimal Universal 342.811(46)(092.2)
100 1# - ENTRADA PRINCIPAL--NOMBRE DE PERSONA
Nombre de persona Parra Salmerón, Sófocles.
9 (RLIN) 142422
245 10 - MENCIÓN DEL TÍTULO
Título Por qué los hombres de la C.N.T. tomaron destinos en la cárcel en 1940
Resto del título : en Porlier y Carabanchel Alto /
Mención de responsabilidad, etc. por Sófocles Parra Salmerón.
260 ## - PUBLICACIÓN, DISTRIBUCIÓN, ETC.
Lugar de publicación, distribución, etc. Madrid :
Nombre del editor, distribuidor, etc. Queimada,
Fecha de publicación, distribución, etc. [1983]
300 ## - DESCRIPCIÓN FÍSICA
Extensión 128 p., 2 h. ;
Dimensiones 21 cm.
500 ## - NOTA GENERAL
Nota general Índice.
650 #7 - PUNTO DE ACCESO ADICIONAL DE MATERIA--TÉRMINO DE MATERIA
Término de materia o nombre geográfico como elemento de entrada Establecimientos penitenciarios-
Subdivisión geográfica España-
Subdivisión cronológica 1939-1975.
9 (RLIN) 12515
650 #4 - PUNTO DE ACCESO ADICIONAL DE MATERIA--TÉRMINO DE MATERIA
Término de materia o nombre geográfico como elemento de entrada Presos políticos-
Subdivisión geográfica España-
Subdivisión cronológica 1939-1975.
9 (RLIN) 16394
852 ## - LOCALIZACIÓN
Ubicación ES-MaACL
Número de control de estantería C-57115
Nota libre - Donativo Fundación Anselmo Lorenzo
Holdings
Estatus retirado Estado de pérdida Estado de daño No para préstamo Biblioteca de origen Biblioteca actual Ubicación en estantería Fecha de adquisición Fuente de adquisición Total de préstamos Signatura topográfica completa Código de barras Visto por última vez Precio de reemplazo Tipo de ítem Koha
        Biblioteca del Ateneo de Madrid Biblioteca del Ateneo de Madrid Depósito 2 31/03/2010     C-57115 1182975 23/02/2023 23/02/2023 Libro impreso